|
|
|
|
| LEADER |
00000nab a2200000 ar4500 |
| 001 |
vtls010614114 |
| 003 |
SK-MaSNL |
| 005 |
20260303085318.0 |
| 008 |
140813c xo mr|p|||||||000 b|slo |
| 038 |
|
|
|a SNSK
|
| 040 |
|
|
|b slo
|c SNSK
|e AACR2
|
| 041 |
|
|
|a slo
|
| 044 |
|
|
|a xo
|c SK
|
| 080 |
|
|
|a 791
|x (437.672.121.142)
|2 2001
|
| 080 |
|
|
|a 712.257
|x (437.672.121.142)
|2 2001
|
| 100 |
1 |
|
|a Sýkorová, Edita
|4 aut
|9 1087574
|
| 245 |
1 |
0 |
|a Lanový park je už otvorený
|c Edita Sýkorová
|
| 300 |
|
|
|b Fotogr.
|
| 650 |
0 |
7 |
|a lanové prekážkové dráhy
|2 snsk
|9 68226
|
| 650 |
0 |
7 |
|a Monkeyland
|2 snkbucl
|9 1094645
|
| 651 |
|
7 |
|a Madaras (Spišská Nová Ves, Slovensko : park)
|2 snsk
|9 1090447
|
| 651 |
|
7 |
|a Spišská Nová Ves (Slovensko)
|2 snsk
|9 28800
|
| 773 |
0 |
|
|t Ičko. Informátor. Kultúrno-spoločenský mesačník mesta Spišská Nová Ves
|g Č. [7] (júl 2013), s. 1
|
| 852 |
|
|
|a SNSK
|b KIS3GCP
|
| 999 |
|
|
|c 1798721
|d 1800651
|